[Event "XXVII OOM - Mistrzostwa Polski Juniorow Mlodszych - Dziewczeta do lat 14"]
[Site "ApartHotel Termy Uniejow, ul. Termalna 1, 99-210 Uniejow"]
[Date "1899-12-30"]
[Round "8.5"]
[White "Slusarczyk, Anna"]
[Black "Seemann, Pola"]
[Result "1-0"]
[WhiteTitle "I+"]
[BlackTitle "I++"]
[WhiteElo "1464"]
[BlackElo "1607"]

1. d4 Nf6 2. Nf3 c5 3. c4 e6 4. a3 a5 5. Nc3 b6 6. Bg5 Be7 7. e4 d6 8. e5 Ng8 9.
Bxe7 Nxe7 10. dxc5 dxc5 11. Qxd8+ Kxd8 12. Ng5 Ke8 13. Nb5 Kf8 14. Nd6 f6 15.
exf6 gxf6 16. Nxc8 Nxc8 17. Nxe6+ Kf7 18. Nf4 Re8+ 19. Be2 Nd6 20. O-O-O Nf5 21.
Bh5+ Kf8 22. Bxe8 Kxe8 23. Rhe1+ Kf7 24. Rd8 Nd4 25. Ree8 Ndc6 26. Rf8+ Kg7 27.
Nh5+ Kg6 28. Rxf6+ Kxh5 29. Rd5+ Kh4 30. Rf4# 1-0

[Event "XXVII OOM - Mistrzostwa Polski Juniorow Mlodszych - Dziewczeta do lat 14"]
[Site "ApartHotel Termy Uniejow, ul. Termalna 1, 99-210 Uniejow"]
[Date "1899-12-30"]
[Round "8.6"]
[White "Sprzeczka, Emilia"]
[Black "Pudelko, Magdalena"]
[Result "1-0"]
[WhiteTitle "I"]
[BlackTitle "I++"]
[WhiteElo "1431"]
[BlackElo "1477"]

1. e4 c5 2. Nf3 Nc6 3. d4 cxd4 4. Nxd4 Qb6 5. Nb3 Nf6 6. Nc3 e6 7. Be3 Qc7 8. Nb5
Qb8 9. f3 d5 10. Bd3 e5 11. O-O a6 12. Na3 Bxa3 13. bxa3 d4 14. Bg5 Qd6 15. f4
exf4 16. e5 Nxe5 17. Bxf4 O-O 18. Re1 Re8 19. Qe2 Nfd7 20. Qe4 Nf6 21. Qe2 Bg4
22. Bxe5 Qd5 23. Qf2 Rxe5 24. Rxe5 Qxe5 25. Re1 Qd6 26. Nxd4 Qxa3 27. Nf5 Bxf5
28. Qxf5 Qxa2 29. Re7 b5 30. Rc7 Qd5 31. Rc8+ Qd8 32. Rxd8+ Rxd8 33. Qc5 Nd5 34.
Be4 Nf6 35. Bf3 h6 36. Qb6 Rd2 37. Qxa6 Rxc2 38. Qa8+ Kh7 39. Be4+ Nxe4 40. Qxe4+
1-0

[Event "XXVII OOM - Mistrzostwa Polski Juniorow Mlodszych - Dziewczeta do lat 14"]
[Site "ApartHotel Termy Uniejow, ul. Termalna 1, 99-210 Uniejow"]
[Date "1899-12-30"]
[Round "8.7"]
[White "Szopa, Emilia"]
[Black "Pniewska, Beata"]
[Result "1/2-1/2"]
[WhiteTitle "I++"]
[BlackTitle "I"]
[WhiteElo "1699"]
[BlackElo "1400"]

1. e4 c5 2. Nf3 g6 3. c3 Bg7 4. d4 b6 5. dxc5 Bb7 6. cxb6 Qxb6 7. Bd3 Nf6 8. Qe2
O-O 9. O-O Nc6 10. Nbd2 e6 11. Nc4 Qc7 12. e5 Nd5 13. Re1 Rab8 14. a3 Ba6 15.
Nd6 Bxd3 16. Qxd3 Nxe5 17. Nxe5 Qxd6 18. Ng4 Qc6 19. Nh6+ Kh8 20. Rb1 Nf6 21.
Bf4 Rb5 22. c4 Rh5 23. Bd6 Rxh6 24. Bxf8 Bxf8 25. Qd4 Kg7 26. b4 Qc7 27. g3 Rh5
28. f4 Rf5 29. Re5 Rxe5 30. fxe5 Ne8 31. Rd1 a5 32. c5 axb4 33. axb4 Kg8 34. Qxd7
Qxe5 35. Qd4 Qc7 36. Qd7 Qe5 37. Qd4 Qc7 38. Rc1 Qc6 39. Rf1 Qc7 40. Rc1 Qc6 41.
Rf1 1/2-1/2

[Event "XXVII OOM - Mistrzostwa Polski Juniorow Mlodszych - Dziewczeta do lat 14"]
[Site "ApartHotel Termy Uniejow, ul. Termalna 1, 99-210 Uniejow"]
[Date "1899-12-30"]
[Round "8.8"]
[White "Salamon, Julia"]
[Black "Giemza, Julia"]
[Result "1/2-1/2"]
[WhiteTitle "I++"]
[BlackTitle "I"]
[WhiteElo "1504"]
[BlackElo "1375"]

1. d4 d6 2. c4 e5 3. Nc3 exd4 4. Qxd4 Nc6 5. Qd1 g6 6. Nf3 Bg7 7. e3 Nge7 8. Be2
O-O 9. O-O f5 10. Qb3 Kh8 11. Rd1 b6 12. a3 Be6 13. Nd5 Rc8 14. Rb1 Qe8 15. Ng5
Bg8 16. Qa4 a5 17. h4 Ne5 18. Qxe8 Rfxe8 19. b3 N7c6 20. Bb2 h6 21. Nh3 Bh7 22.
Nhf4 Nd8 23. Rd2 Ne6 24. Nxe6 Rxe6 25. Nf4 Re7 26. Rbd1 Rce8 27. Nd5 Rf7 28. g3
Rb8 29. Nf4 Re8 30. Kg2 Rfe7 31. Nd5 Rf7 32. Nf4 Rfe7 33. Nd3 Nxd3 34. Bxg7+ Kxg7
35. Bxd3 Kf6 36. Be2 Bg8 37. a4 Rd8 38. Bf3 Bf7 39. Bc6 Be8 40. Bf3 Bd7 41. Rd3
Rde8 1/2-1/2

[Event "XXVII OOM - Mistrzostwa Polski Juniorow Mlodszych - Dziewczeta do lat 14"]
[Site "ApartHotel Termy Uniejow, ul. Termalna 1, 99-210 Uniejow"]
[Date "1899-12-30"]
[Round "8.9"]
[White "Kulczycka, Zofia"]
[Black "Grzesik, Nikola"]
[Result "1/2-1/2"]
[WhiteTitle "I"]
[BlackTitle "I"]
[WhiteElo "1470"]
[BlackElo "1342"]

1. e4 c5 2. Nf3 e6 3. d4 cxd4 4. Nxd4 a6 5. c4 Qc7 6. Nc3 Nf6 7. Be2 Nc6 8. Be3
Bb4 9. f3 O-O 10. O-O b6 11. Qd2 Bb7 12. a3 Bd6 13. f4 Nxd4 14. Qxd4 Bc5 15. Qd3
Bxe3+ 16. Qxe3 d5 17. cxd5 exd5 18. e5 Rfe8 19. Qd4 Ne4 20. Nxd5 Bxd5 21. Qxd5
Qc5+ 22. Qxc5 Nxc5 23. Rfd1 Rad8 24. b4 Ne6 25. g3 a5 26. bxa5 bxa5 27. Rxd8 Rxd8
28. Rd1 Rxd1+ 29. Bxd1 Kf8 30. Kf2 Ke7 31. Ke3 Nc7 32. f5 Kd8 33. Bb3 Ke7 34.
a4 Na6 35. Kd4 Nb4 36. e6 fxe6 37. fxe6 Kd6 38. Kc4 Kxe6 39. Kb5+ Kd6 40. Kxa5
Nc6+ 41. Kb6 g5 42. a5 Nxa5 43. Kxa5 h5 44. Kb5 Ke5 45. Bf7 h4 46. gxh4 gxh4 47.
h3 Kf6 48. Bh5 Kg5 49. Bg4 Kf6 50. Kc5 Kg6 51. Kd5 Kf6 52. Kd6 Kg6 53. Ke6 Kg7
54. Kf5 Kf7 55. Kg5 Kg7 56. Kxh4 Kh6 57. Bf5 Kg7 58. Kg5 Kg8 59. Kf6 Kh8 1/2-1/2

[Event "XXVII OOM - Mistrzostwa Polski Juniorow Mlodszych - Dziewczeta do lat 14"]
[Site "ApartHotel Termy Uniejow, ul. Termalna 1, 99-210 Uniejow"]
[Date "1899-12-30"]
[Round "8.10"]
[White "Nieckarz, Maja"]
[Black "Jaros, Emilia"]
[Result "1-0"]
[WhiteTitle "I"]
[BlackTitle "I"]
[WhiteElo "1430"]
[BlackElo "1241"]

1. e4 e6 2. d4 d5 3. Nc3 Nf6 4. Bg5 Be7 5. e5 Nfd7 6. h4 Bxg5 7. hxg5 a6 8. g6
fxg6 9. Qg4 Nf8 10. Bd3 g5 11. Qh5+ Kd7 12. Nh3 g6 13. Qh6 Qe7 14. Nxg5 Nc6 15.
Nf3 Rg8 16. O-O-O Qg7 17. Qh3 b6 18. Nxd5 Rh8 19. Nf6+ Kd8 20. Be4 Bd7 21. Ng5
Kc8 22. Qc3 Kb7 23. Nxe6 Nxe6 24. Nxd7 Qxd7 25. d5 Qe8 26. dxc6+ Ka7 27. g3 Rd8
28. Rxd8 Qxd8 29. Rd1 Qg5+ 30. f4 Nxf4 31. Kb1 Ne6 32. a3 Nc5 33. Bg2 Re8 34.
Rd5 Re6 35. Rxc5 Qe7 36. Rd5 Qe8 37. Rd7 Re7 38. Rxe7 Qxe7 39. Qd4 a5 40. Qd7
Qxe5 41. Qc8 Qe1+ 42. Ka2 Qxg3 43. Qb7# 1-0

[Event "XXVII OOM - Mistrzostwa Polski Juniorow Mlodszych - Dziewczeta do lat 14"]
[Site "ApartHotel Termy Uniejow, ul. Termalna 1, 99-210 Uniejow"]
[Date "1899-12-30"]
[Round "8.11"]
[White "Bar, Klaudia"]
[Black "Nowak, Zuzanna"]
[Result "1/2-1/2"]
[WhiteTitle "I"]
[BlackTitle "I"]
[WhiteElo "1439"]
[BlackElo "1353"]

1. d4 d5 2. c4 e6 3. Nc3 c5 4. cxd5 exd5 5. Nf3 Nc6 6. e3 Nf6 7. Be2 a6 8. a4 Bd6
9. O-O O-O 10. b3 Be6 11. Ba3 Qa5 12. Qd2 Rfd8 13. Rfc1 cxd4 14. Nxd4 Bxa3 15.
Rxa3 Qb4 16. Nb1 Qxd2 17. Nxd2 Nxd4 18. exd4 Ne4 19. Nf1 Rac8 20. Raa1 Rc3 21.
Rxc3 Nxc3 22. Bd3 Rc8 23. f3 Rc6 24. Nd2 g6 25. Kf1 Kg7 26. Rc1 Bd7 27. Nb1 Na2
28. Rxc6 Bxc6 29. Ke2 Nb4 30. Kd2 Bd7 31. Nc3 Kf6 32. Ke3 h5 33. Bb1 g5 34. Ne2
g4 35. f4 h4 36. g3 1/2-1/2

[Event "XXVII OOM - Mistrzostwa Polski Juniorow Mlodszych - Dziewczeta do lat 14"]
[Site "ApartHotel Termy Uniejow, ul. Termalna 1, 99-210 Uniejow"]
[Date "1899-12-30"]
[Round "8.12"]
[White "Bandyk, Joanna"]
[Black "Janikowska, Wiktoria"]
[Result "0-1"]
[WhiteTitle "I"]
[BlackTitle "I+"]
[WhiteElo "1186"]
[BlackElo "1610"]

1. e4 c5 2. Nf3 Nc6 3. d4 cxd4 4. Nxd4 g6 5. c4 Nf6 6. Nc3 d6 7. Be2 Bg7 8. Be3
O-O 9. O-O Bd7 10. Rc1 Nxd4 11. Bxd4 Bc6 12. f3 Qa5 13. Be3 a6 14. a3 Rac8 15.
Nd5 Nxd5 16. cxd5 Ba4 17. b3 Rxc1 18. Qxc1 Bxb3 19. Kh1 Ba4 20. Bd2 Qb6 21. Be3
Qb3 22. Bd1 Qb5 23. Bxa4 Qxa4 24. Rf2 Qb3 25. Rc2 h5 26. Bf2 b5 27. Be1 Bh6 28.
Rc3 Bxc1 29. Rxb3 Rc8 30. Kg1 Bf4 31. h3 Rc1 32. Kf2 Rc2+ 33. Kf1 Ra2 34. Bb4
Bd2 35. g3 Kg7 36. Bxd2 Rxd2 37. a4 bxa4 38. Ra3 Rd4 39. Ke2 a5 40. Ke3 Rb4 41.
Ke2 g5 42. g4 h4 43. Kf2 Rb2+ 44. Kg1 Rb4 45. Kf2 Kf6 46. Ke2 Ke5 47. Kd2 Rb3
48. Rxa4 Rxf3 49. Rxa5 Rxh3 50. Ra1 Rg3 51. Ke2 Rxg4 52. Ra3 Rxe4+ 53. Kf2 g4
54. Kg2 Kf4 55. Ra2 h3+ 56. Kh2 Kf3 57. Rb2 Re2+ 58. Rxe2 Kxe2 59. Kg3 f5 60.
Kh2 Kf2 0-1

[Event "XXVII OOM - Mistrzostwa Polski Juniorow Mlodszych - Dziewczeta do lat 14"]
[Site "ApartHotel Termy Uniejow, ul. Termalna 1, 99-210 Uniejow"]
[Date "1899-12-30"]
[Round "8.13"]
[White "Pastuszko, Katarzyna"]
[Black "Dallemura, Julia"]
[Result "1/2-1/2"]
[WhiteTitle "I++"]
[BlackTitle "I"]
[WhiteElo "1580"]
[BlackElo "1196"]

1. e4 e5 2. Nf3 Nc6 3. d4 exd4 4. c3 dxc3 5. Nxc3 Bc5 6. Bc4 d6 7. O-O Nf6 8. Bg5
h6 9. Bh4 g5 10. Bg3 Bd7 11. e5 dxe5 12. Nxe5 Be6 13. Bxe6 fxe6 14. Qb3 Qc8 15.
Rfe1 Nd4 16. Qa4+ c6 17. Nd3 b5 18. Qd1 Bb6 19. Be5 O-O 20. Bxf6 Rxf6 21. Ne4
Rf8 22. Qh5 Kg7 23. Nd6 Qd8 24. Ne5 Rf6 25. Ne4 Rc8 26. Nxf6 Qxf6 27. Rad1 Rd8
28. Ng4 Qg6 29. Qxg6+ Kxg6 30. Ne5+ Kf6 31. b4 Rd5 32. Ng4+ Kg6 33. Re5 h5 34.
Rxd5 exd5 35. Ne5+ Kf5 36. Nd7 Nc2 37. Nxb6 axb6 38. Rb1 Na3 39. Rb3 Nc4 40. f3
Ke5 41. Kf2 Kd4 42. Ke2 Ne5 43. g3 Kc4 44. f4 gxf4 45. gxf4 Ng4 46. f5 c5 47.
bxc5 bxc5 48. Rf3 Nf6 49. Rg3 d4 50. Rg6 Nd7 51. f6 Kc3 52. Kd1 Kb2 53. f7 c4
54. Rf6 c3 55. Rf2+ Kb1 56. Rc2 b4 57. Rc1+ Kb2 58. Rc2+ Kb1 1/2-1/2

[Event "XXVII OOM - Mistrzostwa Polski Juniorow Mlodszych - Dziewczeta do lat 14"]
[Site "ApartHotel Termy Uniejow, ul. Termalna 1, 99-210 Uniejow"]
[Date "1899-12-30"]
[Round "8.15"]
[White "Zapalowska, Wiktoria"]
[Black "Pietryk, Joanna"]
[Result "0-1"]
[WhiteTitle "I"]
[BlackTitle "I"]
[WhiteElo "1279"]
[BlackElo "1385"]

1. e4 c5 2. Nf3 e6 3. g3 d5 4. exd5 exd5 5. d4 c4 6. Bg2 Nf6 7. Bg5 h6 8. Bxf6
Qxf6 9. Nbd2 Nc6 10. c3 Bd6 11. O-O O-O 12. b3 b5 13. a4 bxa4 14. bxc4 dxc4 15.
Qxa4 Bd7 16. Qxc4 a5 17. Ne4 Qe7 18. Nxd6 Qxd6 19. Rfe1 Rfc8 20. Qd3 a4 21. Ne5
Nxe5 22. Rxe5 Ra7 23. Re2 Qb6 24. Rea2 Rac7 25. Ra3 Qb2 26. R1a2 Qc1+ 27. Qf1
Rxc3 28. Rxc3 Rxc3 29. Be4 Bh3 30. Bg2 Qxf1+ 31. Kxf1 Rc1+ 32. Ke2 Bxg2 33. Rxa4
Kf8 34. h4 Ke7 35. Ke3 Bd5 36. Ra3 Rb1 37. Kf4 Rb3 38. Rxb3 Bxb3 39. Ke5 f6+ 40.
Kf5 Bc2+ 41. Kf4 Ke6 42. h5 Kd5 43. Ke3 Bd1 44. f3 Bc2 45. g4 Bb1 46. f4 Bc2 47.
f5 Bd1 0-1

[Event "XXVII OOM - Mistrzostwa Polski Juniorow Mlodszych - Dziewczeta do lat 14"]
[Site "ApartHotel Termy Uniejow, ul. Termalna 1, 99-210 Uniejow"]
[Date "1899-12-30"]
[Round "8.16"]
[White "Kicinska, Magdalena"]
[Black "Banasiak, Adrianna"]
[Result "0-1"]
[WhiteTitle "I+"]
[BlackTitle "I"]
[WhiteElo "1315"]
[BlackElo "1318"]

1. d4 Nf6 2. Nf3 c5 3. c3 e6 4. Bg5 Qb6 5. Qc2 d5 6. e3 Nbd7 7. Nbd2 cxd4 8. exd4
Qc7 9. Be2 Bd6 10. O-O O-O 11. Rfe1 h6 12. Bh4 b6 13. Bf1 Bb7 14. Rad1 Ne4 15.
Bd3 f5 16. Qc1 Rae8 17. Bb1 g5 18. Nxe4 fxe4 19. Nxg5 Bf4 20. Qc2 hxg5 21. Bg3
Ba6 22. Bxf4 Qxf4 23. Re3 Bd3 24. Qd2 Bxb1 25. Rxb1 Re7 26. Qe2 Rh7 27. g3 Qf6
28. Rf1 Qh6 29. f3 exf3 30. Rexf3 Rxf3 31. Rxf3 Qg6 32. Qa6 Nf6 33. Rf2 Re7 34.
Qc8+ Qe8 35. Qxe8+ Nxe8 36. h4 gxh4 37. gxh4 Kh7 38. h5 Ng7 39. Rh2 Kh6 40. Kg2
Nxh5 41. Kf3 Rf7+ 42. Kg4 Rf4+ 43. Kh3 Kg5 44. Rg2+ Kf5 45. Re2 Rxd4 0-1

[Event "XXVII OOM - Mistrzostwa Polski Juniorow Mlodszych - Dziewczeta do lat 14"]
[Site "ApartHotel Termy Uniejow, ul. Termalna 1, 99-210 Uniejow"]
[Date "1899-12-30"]
[Round "8.17"]
[White "Leks, Emilia"]
[Black "Staniewicz, Adrianna"]
[Result "1/2-1/2"]
[WhiteTitle "II+"]
[BlackTitle "WCM"]
[WhiteElo "1213"]
[BlackElo "1301"]

1. c4 e5 2. Nc3 Nf6 3. g3 Bb4 4. Bg2 O-O 5. d3 Bxc3+ 6. bxc3 d6 7. e3 Nbd7 8. Ne2
Nb6 9. O-O Re8 10. Qb3 Rb8 11. e4 Be6 12. f4 Bg4 13. Re1 Nfd7 14. h3 Bxe2 15.
Rxe2 Nc5 16. Qc2 f6 17. f5 Kf7 18. g4 h6 19. Be3 Ncd7 20. h4 Rh8 21. Bf3 Qe7 22.
Rg2 Rbg8 23. Qb3 Ke8 24. Qa3 a6 25. Qb4 c5 26. Qb3 Kf7 27. Qc2 Ke8 28. Qb3 Kf7
29. Qc2 Ke8 30. Qb3 Kf7 1/2-1/2

[Event "XXVII OOM - Mistrzostwa Polski Juniorow Mlodszych - Dziewczeta do lat 14"]
[Site "ApartHotel Termy Uniejow, ul. Termalna 1, 99-210 Uniejow"]
[Date "1899-12-30"]
[Round "8.18"]
[White "Lewicka, Joanna"]
[Black "Gac-mytych, Sara"]
[Result "1/2-1/2"]
[WhiteTitle "I"]
[BlackTitle "II"]
[WhiteElo "1252"]
[BlackElo "1125"]

1. e4 d6 2. d4 Nf6 3. Nc3 g6 4. Nf3 Bg7 5. Bc4 O-O 6. O-O c6 7. Bd3 Nbd7 8. h3
c5 9. d5 Nb6 10. Be3 Qc7 11. Nb5 Qd8 12. c4 a6 13. Nc3 Qc7 14. Rc1 Nfd7 15. a4
Ne5 16. Nxe5 dxe5 17. b3 Nd7 18. Qc2 b6 19. Rce1 Bb7 20. f4 exf4 21. Bxf4 Be5
22. Bxe5 Nxe5 23. Rf2 Rad8 24. Ref1 Qd6 25. Be2 Bc8 26. Nd1 f6 27. Nb2 Rf7 28.
Nd3 Rdf8 29. Qc3 Nxd3 30. Bxd3 Qe5 31. Qxe5 fxe5 32. Rd2 Rd8 33. Rfd1 Rf6 34.
Be2 Kg7 35. Kh2 Rfd6 36. Kg3 Rf8 37. Rf1 Rxf1 38. Bxf1 Rf6 39. Be2 Kf7 40. Ra2
a5 41. Bf3 Ke8 42. Kh4 h6 43. Rd2 Rf4+ 44. Kg3 Rf6 45. Re2 1/2-1/2

[Event "XXVII OOM - Mistrzostwa Polski Juniorow Mlodszych - Dziewczeta do lat 14"]
[Site "ApartHotel Termy Uniejow, ul. Termalna 1, 99-210 Uniejow"]
[Date "1899-12-30"]
[Round "8.19"]
[White "Popczynska, Maja"]
[Black "Peksa, Zuzanna"]
[Result "1-0"]
[WhiteTitle "I"]
[BlackTitle "I"]
[WhiteElo "1400"]
[BlackElo "1231"]

1. e4 c5 2. Nf3 Nc6 3. d4 cxd4 4. Nxd4 e5 5. Nb5 a6 6. Nd6+ Bxd6 7. Qxd6 Qf6 8.
Qa3 Qg6 9. Be3 Nge7 10. Nc3 O-O 11. O-O-O f5 12. Bc4+ Kh8 13. exf5 Qxf5 14. h4
b5 15. Bxb5 Bb7 16. Bd3 Qe6 17. Qb3 Qxb3 18. axb3 d5 19. Bc5 Rf7 20. Bxe7 Nxe7
21. f3 d4 22. Ne4 Rff8 23. Rde1 Nc6 24. Nd6 Bc8 25. Be4 Bd7 26. Bd5 g6 27. Nf7+
Kg7 28. Nxe5 Nxe5 29. Bxa8 Nd3+ 30. cxd3 Rxa8 31. Re7+ Kf6 32. Rxd7 a5 33. Rxd4
Ra7 34. Re1 Ra8 35. g4 Ra7 36. Rd6+ Kf7 37. Ree6 Rc7+ 38. Kd2 Ra7 39. Rf6+ Kg7
40. h5 gxh5 41. gxh5 Kg8 42. h6 Rb7 43. Rd8# 1-0

[Event "XXVII OOM - Mistrzostwa Polski Juniorow Mlodszych - Dziewczeta do lat 14"]
[Site "ApartHotel Termy Uniejow, ul. Termalna 1, 99-210 Uniejow"]
[Date "1899-12-30"]
[Round "8.20"]
[White "Romejko, Jagoda"]
[Black "Makarec, Anna"]
[Result "1-0"]
[WhiteTitle "I"]
[BlackTitle "I"]
[WhiteElo "1350"]
[BlackElo "1206"]

1. e4 e5 2. Nf3 Nc6 3. d4 exd4 4. Nxd4 Bc5 5. Be3 Qf6 6. Nb5 Bxe3 7. fxe3 Qh4+
8. g3 Qd8 9. Qg4 g6 10. Qf4 d6 11. Bc4 Qe7 12. O-O Be6 13. Bxe6 fxe6 14. Nxc7+
Qxc7 15. Qf8+ Kd7 16. Qxa8 a6 17. Nc3 Qb6 18. Rf7+ Nce7 19. Raf1 Qxe3+ 20. Kg2
Qb6 21. Rxe7+ Kxe7 22. Qf8+ Kd7 23. Rf7+ Kc6 24. Qc8+ Qc7 25. Qxc7# 1-0

[Event "XXVII OOM - Mistrzostwa Polski Juniorow Mlodszych - Dziewczeta do lat 14"]
[Site "ApartHotel Termy Uniejow, ul. Termalna 1, 99-210 Uniejow"]
[Date "1899-12-30"]
[Round "8.21"]
[White "Szmajda, Karolina"]
[Black "Predkiewicz, Paulina"]
[Result "0-1"]
[WhiteTitle "I"]
[BlackTitle "I"]
[WhiteElo "1181"]
[BlackElo "1344"]

1. c4 e5 2. g3 Nf6 3. Bg2 c6 4. Nc3 d5 5. cxd5 cxd5 6. d3 h6 7. Nf3 Nc6 8. O-O
Bc5 9. b3 d4 10. Na4 Bd6 11. Nd2 Bf5 12. Nc4 Bc7 13. Nc5 Qc8 14. Na6 O-O 15. Nxc7
Qxc7 16. Ba3 Rfd8 17. Rc1 e4 18. Re1 b5 19. Nd2 Qd7 20. dxe4 Be6 21. e5 Nd5 22.
Nf3 b4 23. Bb2 Nc3 24. Bxc3 dxc3 25. Qxd7 Bxd7 26. a3 a5 27. axb4 axb4 28. Ra1
Ra3 29. Rxa3 bxa3 30. Ra1 c2 31. Ne1 Nb4 32. Be4 Rc8 33. Nxc2 Nxc2 34. Bxc2 Rxc2
35. Rxa3 Rxe2 36. f4 Bh3 37. Ra8+ Kh7 38. Ra7 Rg2+ 39. Kh1 Rf2 40. Ra1 Rb2 41.
Kg1 Rxb3 42. Ra7 Rf3 43. Ra1 Kg6 44. Re1 h5 45. Kh1 Kf5 46. e6 fxe6 47. Re5+ Kf6
48. Re1 g5 49. fxg5+ Kxg5 50. Kg1 Kf5 51. Kh1 e5 52. Kg1 e4 53. Ra1 e3 54. Ra5+
Kg4 55. Ra4+ Kg5 56. Ra5+ Rf5 57. Ra1 e2 58. Re1 Rf1+ 59. Rxf1 exf1=Q# 0-1

[Event "XXVII OOM - Mistrzostwa Polski Juniorow Mlodszych - Dziewczeta do lat 14"]
[Site "ApartHotel Termy Uniejow, ul. Termalna 1, 99-210 Uniejow"]
[Date "1899-12-30"]
[Round "8.22"]
[White "Semeradt, Michalina"]
[Black "Zalewska, Malgorzata"]
[Result "0-1"]
[WhiteTitle "I"]
[BlackTitle "I"]
[WhiteElo "1065"]
[BlackElo "1328"]

1. c4 e5 2. Nc3 Nf6 3. g3 d5 4. cxd5 Nxd5 5. Bg2 Nb6 6. Nf3 Nc6 7. O-O Be7 8. d3
O-O 9. Be3 Be6 10. Rc1 f5 11. a3 a5 12. Na4 Nd5 13. Bc5 Bd6 14. Re1 f4 15. Nd2
fxg3 16. hxg3 Nce7 17. Ne4 Nf5 18. Bxd6 cxd6 19. Nec3 Nxc3 20. Nxc3 d5 21. Na4
Qf6 22. Rf1 Nh6 23. Nc5 Ng4 24. Bh3 Qh6 25. Bxg4 Bxg4 26. Rc2 Qh3 27. Qd2 Rf6
28. Qg5 Rh6 29. Qxh6 Qxh6 30. f3 Bh3 31. Rf2 Rc8 32. e4 Qe3 33. Kh2 Rxc5 34. Kxh3
Rxc2 35. Rxc2 dxe4 36. dxe4 Qxf3 37. Rc8+ Kf7 38. Rc7+ Kg6 39. Rxb7 Qxe4 40. Rb6+
Kg5 41. Kh2 Qe2+ 42. Kh3 Qf1+ 43. Kh2 Qf2+ 44. Kh3 Qxb6 0-1

[Event "XXVII OOM - Mistrzostwa Polski Juniorow Mlodszych - Dziewczeta do lat 14"]
[Site "ApartHotel Termy Uniejow, ul. Termalna 1, 99-210 Uniejow"]
[Date "1899-12-30"]
[Round "8.23"]
[White "Reszka, Barbara"]
[Black "Szewczuk, Aleksandra"]
[Result "0-1"]
[WhiteTitle "II+"]
[BlackTitle "I"]
[WhiteElo "1095"]
[BlackElo "1317"]

1. e4 c6 2. d4 d5 3. Nc3 dxe4 4. Nxe4 Bf5 5. Ng3 Bg6 6. Nh3 e6 7. Nf4 Bd6 8. Ngh5
Bxf4 9. Nxf4 Ne7 10. Bc4 Qd6 11. O-O O-O 12. c3 Nd7 13. Re1 Nb6 14. Bd3 Bxd3 15.
Qxd3 Rad8 16. Be3 Nf5 17. Rad1 Nd5 18. Nxd5 Qxd5 19. b3 Nh4 20. f3 Nf5 21. Re2
Nxe3 22. Qxe3 Rd7 23. Red2 Rfd8 24. Qf4 h6 25. Re1 Qa5 26. Qe3 c5 27. Red1 cxd4
28. cxd4 Qb6 29. Kh1 Rd5 30. Qc3 Qd6 31. Rc1 Rxd4 32. Rxd4 Qxd4 33. Qxd4 Rxd4
34. Kg1 Rd7 35. Rc2 Kf8 36. Kf2 Ke7 37. Ke3 Kd6 38. Rd2+ Kc6 39. Rc2+ Kd6 40.
Rd2+ Ke7 41. Rc2 Kf6 42. g3 g5 43. h3 b6 44. Rc1 Ke5 45. a3 h5 46. g4 hxg4 47.
hxg4 f5 48. gxf5 exf5 49. Rg1 Rc7 50. Kd3 Kf4 51. Rf1 Re7 52. Kd2 Re3 53. Kc2
Rxf3 54. Rg1 g4 55. a4 g3 56. Kd2 Rxb3 57. Ke2 Rb2+ 58. Ke1 Rb1+ 59. Ke2 Rxg1
0-1

[Event "XXVII OOM - Mistrzostwa Polski Juniorow Mlodszych - Dziewczeta do lat 14"]
[Site "ApartHotel Termy Uniejow, ul. Termalna 1, 99-210 Uniejow"]
[Date "1899-12-30"]
[Round "8.24"]
[White "Feliks, Agnieszka"]
[Black "Mitrega, Wiktoria"]
[Result "0-1"]
[WhiteTitle "I"]
[BlackTitle "I"]
[WhiteElo "1156"]
[BlackElo "1251"]

1. e4 e6 2. d4 d5 3. Nd2 Nf6 4. e5 Nfd7 5. Bd3 c5 6. c3 Nc6 7. Ngf3 Qb6 8. O-O
cxd4 9. cxd4 Be7 10. a3 h6 11. Re1 O-O 12. Qc2 Nxd4 13. Nxd4 Qxd4 14. Nf3 Qb6
15. Be3 Bc5 16. Bxc5 Qxc5 17. Bh7+ Kh8 18. Qd3 Qe7 19. Re3 Nc5 20. Qc2 g6 21.
Bxg6 fxg6 22. Qxg6 Qh7 23. Qxh7+ Kxh7 24. Nd4 Bd7 25. g3 Ne4 26. f4 a6 27. b4
Rac8 28. Kg2 Rc4 29. Rd3 Kg6 30. Kf3 Rfc8 31. Ra2 Rc3 32. Rxc3 Rxc3+ 33. Kg2 Rd3
34. Nf3 Kf7 35. Ne1 Rd2+ 36. Rxd2 Nxd2 37. Nf3 Nxf3 38. Kxf3 Kg6 39. h3 Bc6 40.
Ke3 b6 41. Kd4 Kf5 42. Ke3 h5 43. Kf3 d4+ 44. Ke2 Ke4 45. g4 hxg4 46. hxg4 Kxf4
47. g5 Kxg5 48. Kd3 Kf5 49. Kxd4 Kf4 50. Kd3 Kxe5 51. Ke3 Kd5 52. Kd3 Bb5+ 53.
Kc3 e5 54. Kd2 Kd4 55. Ke1 Ke3 56. a4 Bxa4 57. b5 Bxb5 58. Kd1 Kf2 59. Kd2 e4
60. Kd1 e3 0-1

[Event "XXVII OOM - Mistrzostwa Polski Juniorow Mlodszych - Dziewczeta do lat 14"]
[Site "ApartHotel Termy Uniejow, ul. Termalna 1, 99-210 Uniejow"]
[Date "1899-12-30"]
[Round "8.25"]
[White "Kaczmarek, Paulina"]
[Black "Brelinska, Marcelina"]
[Result "1/2-1/2"]
[WhiteTitle "II+"]
[BlackTitle "II"]
[WhiteElo "1029"]
[BlackElo "1057"]

1. e4 e5 2. Nf3 Nc6 3. d4 exd4 4. Bc4 Bc5 5. c3 dxc3 6. Nxc3 d6 7. Bg5 Nf6 8. Nd5
Be6 9. O-O h6 10. Bxf6 gxf6 11. a3 Rg8 12. b4 Bb6 13. Qd3 Ne5 14. Nxe5 fxe5 15.
Qf3 Rg6 16. Rac1 c6 17. Nxb6 axb6 18. Bxe6 Rxe6 19. Qe3 Rg6 20. Rfd1 Qg5 21. Qxg5
hxg5 22. Rc3 c5 23. Rb1 Ra7 24. f3 Ke7 25. Kf2 Rg8 26. h3 Rga8 27. bxc5 bxc5 28.
Rbb3 Rb8 29. Rb6 Ra6 30. Rcb3 Rxb6 31. Rxb6 Kd7 32. Ke3 Kc7 33. Rb3 b6 34. Kd3
b5 35. Kc3 Kc6 1/2-1/2

[Event "XXVII OOM - Mistrzostwa Polski Juniorow Mlodszych - Dziewczeta do lat 14"]
[Site "ApartHotel Termy Uniejow, ul. Termalna 1, 99-210 Uniejow"]
[Date "1899-12-30"]
[Round "8.26"]
[White "Bromirska, Roksana"]
[Black "Walentyn, Zuzanna"]
[Result "1/2-1/2"]
[WhiteTitle "II"]
[BlackTitle "II"]
[WhiteElo "1088"]
[BlackElo "1297"]

1. e4 c5 2. Nf3 d6 3. c3 Qa5 4. Bd3 Bg4 5. O-O Nd7 6. Bc2 e6 7. d4 cxd4 8. cxd4
Be7 9. Nc3 Qh5 10. Re1 Bxf3 11. Qxf3 Qxf3 12. gxf3 a6 13. Bf4 e5 14. dxe5 dxe5
15. Bg3 Bb4 16. a3 Bxc3 17. bxc3 Ne7 18. Rab1 Rb8 19. Ba4 b5 20. Bb3 f6 21. Red1
Nc5 22. Ba2 Na4 23. Rd3 Rd8 24. Rxd8+ Kxd8 25. Rc1 Kc7 26. f4 Ng6 27. fxe5 Nxe5
28. Kf1 Rd8 29. c4 Kb6 30. cxb5 axb5 1/2-1/2

[Event "XXVII OOM - Mistrzostwa Polski Juniorow Mlodszych - Dziewczeta do lat 14"]
[Site "ApartHotel Termy Uniejow, ul. Termalna 1, 99-210 Uniejow"]
[Date "1899-12-30"]
[Round "9.1"]
[White "Tokarz, Izabela"]
[Black "Oborska, Magda"]
[Result "1-0"]
[WhiteTitle "I++"]
[BlackTitle "I++"]
[WhiteElo "1681"]
[BlackElo "1537"]

1. d4 d5 2. c4 e6 3. Nc3 Nf6 4. cxd5 exd5 5. Bg5 Be7 6. Qc2 c6 7. e3 Be6 8. Bd3
h6 9. Bh4 Nbd7 10. Nge2 Nb6 11. O-O O-O 12. Rae1 Re8 13. f3 Rc8 14. Bf2 Qc7 15.
h3 Nh5 16. g4 Nf6 17. Kg2 g5 18. Ng3 Kg7 19. e4 dxe4 20. fxe4 Bb4 21. a3 Be7 22.
Be3 Rcd8 23. Rxf6 Bxf6 24. Nh5+ Kh8 25. Nxf6 Re7 26. Qf2 c5 27. Nh5 f5 28. d5
fxe4 29. Qf6+ Kg8 30. Qg6+ Kh8 31. Qxh6+ Kg8 32. Nf6+ Kf7 33. dxe6+ Rxe6 34. Qh7+
Kxf6 35. Qxc7 Rxd3 36. Rf1+ Kg6 37. Qf7+ Kh6 38. Qxe6+ Kg7 39. Rf7+ Kg8 40. Qe8#
1-0